<?xml version="1.0" encoding="UTF-8"?>
<marc:record xmlns:marc="http://www.loc.gov/MARC21/slim">
   <marc:leader>00000nam a2200000 a 4500</marc:leader>
   <marc:datafield ind1="1" ind2=" " tag="100">
      <marc:subfield code="a">Frankenbach, Thomas</marc:subfield>
      <marc:subfield code="4">aut</marc:subfield>
      <marc:subfield code="e">Verfasser/-in</marc:subfield>
   </marc:datafield>
   <marc:datafield ind1="0" ind2="0" tag="245">
      <marc:subfield code="a">Somatische Intelligenz</marc:subfield>
   </marc:datafield>
   <marc:datafield ind1="0" ind2="0" tag="245">
      <marc:subfield code="b">hören, was der Körper braucht</marc:subfield>
   </marc:datafield>
   <marc:datafield ind1="0" ind2="0" tag="245">
      <marc:subfield code="c">Thomas Frankenbach</marc:subfield>
   </marc:datafield>
   <marc:datafield ind1=" " ind2="1" tag="264">
      <marc:subfield code="a">Burgrain</marc:subfield>
      <marc:subfield code="b">Koha</marc:subfield>
      <marc:subfield code="c">2014</marc:subfield>
   </marc:datafield>
   <marc:datafield ind1="1" ind2=" " tag="520">
      <marc:subfield code="a">Angaben aus der Verlagsmeldung

Somatische Intelligenz : Ihr Körper sagt Ihnen, was er braucht / von Thomas Frankenbach

Entdecken Sie Ihre somatische Intelligenz - die Weisheit Ihres Körpers. Jenseits von Ernährungsratgebern, oft zweifelhaften Diätplänen und Kalorientabellen verfügt unser Körper über eine ganz besondere Instanz, die uns eine wertvolle Hilfe sein kann, wenn es um die Auswahl der richtigen Kost geht: somatische Intelligenz.
Erfahren Sie, warum wir verlernt haben, beim Essen der Intelligenz des Körpers zu vertrauen, und lernen Sie, Ihre somatische Intelligenz als Ihren wichtigsten Ernährungsberater richtig einzusetzen. Denn jeder Mensch hat einzigartige Ernährungsbedürfnisse, weil jeder Mensch einzigartig ist.
</marc:subfield>
   </marc:datafield>
   <marc:datafield ind1=" " ind2=" " tag="020">
      <marc:subfield code="a">9783867282499</marc:subfield>
      <marc:subfield code="9">9783867282499</marc:subfield>
   </marc:datafield>
   <marc:datafield ind1=" " ind2=" " tag="020">
      <marc:subfield code="a">3867282498</marc:subfield>
      <marc:subfield code="9">3867282498</marc:subfield>
   </marc:datafield>
   <marc:datafield ind1=" " ind2=" " tag="300">
      <marc:subfield code="a">205 S.</marc:subfield>
   </marc:datafield>
</marc:record>
